00366nam a2200145Ia 4500008004100000020001500041041000800056082001600064100002300080245002700103250000600130260003900136300001200175650003300187210716s2005 xx 000 0 und d a8129712334 aeng a005.73 KAMA aKamthane, Ashok N. aC and data structures. a1 aNew DelhibPearson Educationc2005 axii,618 aData Structures & Algorithms